[Event "Carlos Torre Memorial op 32nd"]
[Site "Merida"]
[Date "2022.12.17"]
[Round "3"]
[White "Bruzon Batista, Lazaro"]
[Black "Tapie Amione, Pablo Adib"]
[Result "1-0"]
[WhiteElo "2617"]
[BlackElo "2224"]
[PlyCount "47"]
[EventDate "2022.12.16"]
[EventType "swiss"]
[EventRounds "9"]
[EventCountry "MEX"]
[SourceTitle "CBM 212 Extra"]
[Source "ChessBase"]
[SourceDate "2023.03.31"]
[SourceVersion "1"]
[SourceVersionDate "2023.03.31"]
[SourceQuality "1"]

1. d4 Nf6 2. c4 e6 3. Nc3 Bb4 4. Qc2 d5 5. a3 Bxc3+ 6. Qxc3 Ne4 7. Qc2 a5 8. Nf3 Nc6 9. e3 Qe7 10. Bd3 Nd6 11. b3 f5 12. Bb2 Bd7 13. 0-0 0-0 14. Rac1 Kh8 15. Ne5 Be8 16. Rfe1 Rc8 17. f3 Qd8 18. cxd5 exd5 19. Qc5 Ne7 20. Qxa5 c6 21. Qb4 Rf6 22. a4 Ng6 23. Ba3 Nf7 24. Nxg6+ 1-0

[Event "Mexican op 66th"]
[Site "Villahermosa"]
[Date "2021.08.07"]
[Round "7"]
[White "Garcia Almaguer, Juan Manuel"]
[Black "Tapie Amione, Pablo Adib"]
[Result "0-1"]
[WhiteElo "2198"]
[BlackElo "2313"]
[PlyCount "100"]
[EventDate "2021.08.04"]
[EventType "swiss"]
[EventRounds "8"]
[EventCountry "MEX"]
[SourceTitle "CBM 203 Extra"]
[Source "ChessBase"]
[SourceDate "2021.09.30"]
[SourceVersion "1"]
[SourceVersionDate "2021.09.30"]
[SourceQuality "1"]

1. d4 Nf6 2. Nf3 c5 3. e3 g6 4. Be2 Bg7 5. 0-0 0-0 6. b3 cxd4 7. exd4 d5 8. Bb2 Nc6 9. Bb5 Qb6 10. Nc3 Bg4 11. Bxc6 Bxf3 12. Qxf3 Qxc6 13. Rfe1 Rfe8 14. Re2 b5 15. a3 e6 16. Qd3 Rab8 17. f3 Rec8 18. Nd1 Qb6 19. Kh1 Rc6 20. g4 Rbc8 21. Rg2 Ne8 22. Ne3 Qb8 23. Rf1 a5 24. f4 Nd6 25. f5 b4 26. f6 Bf8 27. a4 Ne4 28. Nc4 Rxc4 29. bxc4 Rxc4 30. Re2 Qc7 31. Kg2 Bd6 32. Rxe4 dxe4 33. Qxe4 Rxc2+ 34. Rf2 Qc6 35. Qxc6 Rxc6 36. Kf3 Kf8 37. g5 b3 38. Ke4 Rc4 39. Rf3 Rxa4 40. Rxb3 Ke8 41. Rh3 Ra2 42. Bc3 Ra3 43. d5 exd5+ 44. Kxd5 Bb4 45. Re3+ Kd7 46. Bd2 Rxe3 47. Bxe3 a4 48. Kc4 Bd6 49. h3 Ke6 50. Bd2 a3 0-1

[Event "Mexico City Fenamac IM-1 1st"]
[Site "Mexico City"]
[Date "2021.05.09"]
[Round "8"]
[White "Garcia Almaguer, Juan Manuel"]
[Black "Tapie Amione, Pablo Adib"]
[Result "1/2-1/2"]
[WhiteElo "2206"]
[BlackElo "2286"]
[PlyCount "122"]
[EventDate "2021.05.05"]
[EventType "tourn"]
[EventRounds "9"]
[EventCountry "MEX"]
[EventCategory "2"]
[SourceTitle "CBM 202 Extra"]
[Source "ChessBase"]
[SourceDate "2021.07.31"]
[SourceVersion "1"]
[SourceVersionDate "2021.07.31"]
[SourceQuality "1"]

1. d4 Nf6 2. c4 c5 3. d5 e6 4. Nc3 g6 5. Nf3 exd5 6. cxd5 d6 7. Nd2 Na6 8. e4 Nc7 9. Nc4 b5 10. Na5 Bd7 11. e5 Qe7 12. Be2 Qxe5 13. 0-0 Qd4 14. Re1 0-0-0 15. Qxd4 cxd4 16. Bg5 Bg7 17. Bxf6 Bxf6 18. Ne4 Be5 19. Rac1 Rde8 20. a4 Bf4 21. Bxb5 Rxe4 22. Rxc7+ Kxc7 23. Rxe4 Be5 24. Bxd7 Kxd7 25. Nc6 f5 26. Re2 Re8 27. Kf1 Bxh2 28. Rxe8 Kxe8 29. Nxa7 d3 30. Nb5 Be5 31. a5 Kd7 32. a6 Kc8 33. b4 Kb8 34. Ke1 h5 35. Kd2 h4 36. Kxd3 g5 37. Ke2 g4 38. Na3 f4 39. f3 g3 40. Nc4 Bd4 41. Kf1 Kc7 42. b5 Ba7 43. Na5 Bc5 44. Nc6 Kb6 45. a7 Kb7 46. a8Q+ Kxa8 47. Ne7 Kb7 48. Ng6 Be3 49. Nxh4 Kb6 50. Nf5 Bf2 51. Ke2 Kc5 52. Ne7 Kc4 53. Ng6 Kxd5 54. Nxf4+ Kc4 55. b6 Bxb6 56. Nh5 Bf2 57. f4 Kd4 58. Kf3 d5 59. Nxg3 Bxg3 60. Kxg3 Ke4 61. Kf2 Kxf4 1/2-1/2

[Event "Mexico City Fenamac IM-1 1st"]
[Site "Mexico City"]
[Date "2021.05.09"]
[Round "7"]
[White "Tapie Amione, Pablo Adib"]
[Black "Corrales Jimenez, Zenia"]
[Result "1-0"]
[WhiteElo "2286"]
[BlackElo "2234"]
[PlyCount "91"]
[EventDate "2021.05.05"]
[EventType "tourn"]
[EventRounds "9"]
[EventCountry "MEX"]
[EventCategory "2"]
[SourceTitle "CBM 202 Extra"]
[Source "ChessBase"]
[SourceDate "2021.07.31"]
[SourceVersion "1"]
[SourceVersionDate "2021.07.31"]
[SourceQuality "1"]

1. d4 Nf6 2. Nc3 d5 3. Bf4 e6 4. Nb5 Na6 5. e3 Be7 6. c4 dxc4 7. Bxc4 0-0 8. Nf3 Nd5 9. 0-0 Nxf4 10. exf4 Nb4 11. Ne5 Bd7 12. Nc3 Bc6 13. f5 exf5 14. a3 Nd5 15. Qb3 Nxc3 16. bxc3 Be8 17. Qxb7 Kh8 18. Rfb1 Bd6 19. Bd5 Rc8 20. Nc4 Bf4 21. Bf3 c5 22. d5 Rc7 23. Qa6 Rd7 24. Rd1 h5 25. d6 Qf6 26. g3 Be5 27. Bc6 Bxc3 28. Bxd7 Bxa1 29. Qc8 f4 30. Bxe8 fxg3 31. hxg3 h4 32. Re1 hxg3 33. Qh3+ Kg8 34. Qxg3 Bc3 35. Re4 Qf5 36. Bc6 Bd4 37. Kg2 Qf6 38. Bd7 Qd8 39. Bh3 Qa8 40. Qf3 Qd5 41. d7 Qg5+ 42. Rg4 Qc1 43. Qd5 Bf6 44. Nd6 Qxa3 45. Ne8 Qa1 46. Nxg7 1-0

[Event "Mexico City Fenamac IM-1 1st"]
[Site "Mexico City"]
[Date "2021.05.08"]
[Round "5"]
[White "Tapie Amione, Pablo Adib"]
[Black "Andrianov, Nikolai Ivanovich"]
[Result "0-1"]
[WhiteElo "2286"]
[BlackElo "2365"]
[PlyCount "58"]
[EventDate "2021.05.05"]
[EventType "tourn"]
[EventRounds "9"]
[EventCountry "MEX"]
[EventCategory "2"]
[SourceTitle "CBM 202 Extra"]
[Source "ChessBase"]
[SourceDate "2021.07.31"]
[SourceVersion "1"]
[SourceVersionDate "2021.07.31"]
[SourceQuality "1"]

1. e4 c5 2. Nf3 d6 3. Bb5+ Bd7 4. Bxd7+ Qxd7 5. c4 Nf6 6. Nc3 Nc6 7. 0-0 Ne5 8. b3 g6 9. Ba3 Rc8 10. d4 Nxf3+ 11. Qxf3 cxd4 12. Nb5 Bg7 13. Nxa7 Ra8 14. Nb5 0-0 15. Bb4 Ng4 16. Qd1 f5 17. h3 Ne5 18. exf5 Nc6 19. Ba3 Rxf5 20. Bb2 e5 21. Qe2 Raf8 22. Rae1 d5 23. Ba3 R8f6 24. f3 Bh6 25. cxd5 Be3+ 26. Kh1 Qxd5 27. Rd1 e4 28. fxe4 d3 29. Rxf5 dxe2 0-1

[Event "Mexico City Fenamac IM-1 1st"]
[Site "Mexico City"]
[Date "2021.05.07"]
[Round "1"]
[White "Gracia Alvarez, Gerardo Antonio"]
[Black "Tapie Amione, Pablo Adib"]
[Result "0-1"]
[WhiteElo "2308"]
[BlackElo "2286"]
[PlyCount "69"]
[EventDate "2021.05.05"]
[EventType "tourn"]
[EventRounds "9"]
[EventCountry "MEX"]
[EventCategory "2"]
[SourceTitle "CBM 202 Extra"]
[Source "ChessBase"]
[SourceDate "2021.07.31"]
[SourceVersion "1"]
[SourceVersionDate "2021.07.31"]
[SourceQuality "1"]

1. e4 c5 2. c3 Nf6 3. e5 Nd5 4. Nf3 d6 5. exd6 Qxd6 6. d4 cxd4 7. Na3 e6 8. Nb5 Qd8 9. Nbxd4 a6 10. Bd3 Nd7 11. 0-0 Qc7 12. Re1 Be7 13. Bc2 N7f6 14. Qd3 Bd7 15. Ne5 Rd8 16. Bg5 Bd6 17. Nxd7 Rxd7 18. g3 h6 19. Bd2 0-0 20. Qf3 Be5 21. Bb3 Bxd4 22. cxd4 Qb6 23. Rad1 Rfd8 24. Bc1 Qc6 25. h3 Ne7 26. Qc3 Nfd5 27. Qc5 b6 28. Qa3 Qb7 29. Bc2 Nf6 30. Bf4 Nc6 31. Qf3 Nxd4 32. Qxb7 Rxb7 33. Kg2 Rbd7 34. Bb1 Nf3 35. Rh1 0-1

[Event "Mexico City Fenamac IM-1 1st"]
[Site "Mexico City"]
[Date "2021.05.07"]
[Round "2"]
[White "Tapie Amione, Pablo Adib"]
[Black "Cervantes Landeiro, Thalia"]
[Result "1/2-1/2"]
[WhiteElo "2286"]
[BlackElo "2288"]
[PlyCount "62"]
[EventDate "2021.05.05"]
[EventType "tourn"]
[EventRounds "9"]
[EventCountry "MEX"]
[EventCategory "2"]
[SourceTitle "CBM 202 Extra"]
[Source "ChessBase"]
[SourceDate "2021.07.31"]
[SourceVersion "1"]
[SourceVersionDate "2021.07.31"]
[SourceQuality "1"]

1. e4 c5 2. Nf3 d6 3. Bb5+ Nd7 4. a4 Ngf6 5. Nc3 a6 6. Be2 g6 7. a5 Bg7 8. 0-0 0-0 9. d4 cxd4 10. Nxd4 Nc5 11. Bf3 Rb8 12. Re1 Ne6 13. Nb3 Bd7 14. Be3 Bc6 15. Nd5 Nd7 16. c3 Ne5 17. Be2 Bb5 18. f4 Nc4 19. Bxc4 Bxc4 20. f5 Nc7 21. Bb6 Bxd5 22. exd5 Qd7 23. Qd3 Ne8 24. Nd4 Nf6 25. Qf3 Rbe8 26. Re2 Qc8 27. Rae1 Nd7 28. Qf2 Ne5 29. Rd1 Nc4 30. fxg6 hxg6 31. Nb3 Ne5 1/2-1/2